000 00929nam a2200265Ia 4500
003 OSt
005 20221005104659.0
006 a|||||r|||| 00| 0
007 ta
008 221004b |||||||| |||| 00| 0 san d
020 _a9789385539213 (hbk)
_cINR 695.00
024 _a29465
037 _b252, 07/03/2017, Vidyanidhi Prakashan
_cTextual
040 _aCRL
_cCRL
_bsan
041 _2san
_asan
082 _aQ1:g, 152Q6
100 _aसुधीर कुमार, संपा.
245 0 _aवेदा› विमर्श
246 _aVedā› vimarsha
260 _aदिल्ली
_bविद्यानिधि प्रकाशन भारत
_c2016
300 _a296पृ0
_ccm.
650 _aवैदिक धर्म
942 _hQ1:g, 152Q6
_cTEXL
_2cc
999 _c1013480
_d1013480